000 00551nam a2200181 i 4500
001 83224
003 ES-MaACL
005 20250920063047.0
007 t|
008 041116s1920 sp a |||| | spa d
100 1 _aInsúa, Alberto,
_d1885-1963
_965346
245 1 4 _aLas alas rotas
_b: ornamentación de Fontanals /
_cA. Insúa.
260 _aMadrid :
_b[s.n.,
_c1920] (
_fViuda de P. Pérez)
300 _a117 p. ;
_c13 cm.
700 1 _aFontanals i del Castillo, Joaquim.
_9146893
852 _aES-MaACL
_jA-4740
999 _c83224
_d83224